Statistics for Male seiyuu (Japanese voice actors)

Click here to take the quiz!

General Stats

  • This quiz has been taken 52 times
  • The average score is 33 of 59

Answer Stats

HintAnswer% Correct
ErenYuki Kaji
96%
Light YagamiMamoru Miyano
93%
TanjiroNatsuki Hanae
91%
LeviHiroshi Kamiya
89%
JotaroDaisuke Ono
85%
BakugoNobuhiko Okamoto
83%
ZenitsuHiro Shimono
80%
LelouchJun Fukuyama
78%
Hinata Shouyo, Iruma, VentiAyumu Murase
76%
Tobio, Naofumi, Iida TenyaKaito Ishikawa
76%
HisokaDaisuke Namikawa
74%
Doppio, Tadashi YamaguchiSoma Saito
74%
Hachiman, Loid ForgerTakuya Eguchi
74%
KiritoYoshitsugu Matsuoka
74%
Bokuto, TartagliaRyohei Kimura
72%
Gaara, ZuraAkira Ishida
70%
ArcherJunichi Suwabe
70%
Tsukishima Kei, Tomura ShiragakiKouki Uchiyama
70%
Cloud Strife, GiyuuTakahiro Sakurai
70%
DekuDaiki Yamashita
67%
Gintoki, KyonTomokazu Sugita
67%
Ritsuka Fujimaru, Shun Kaidou, Haruka NanaseNobunaga Shimazaki
65%
DioTakehito Koyasu
65%
Rengoku, AinzSatoshi Hino
63%
Draken, BanTatsuhisa Suzuki
63%
Reiner, Asahi Azuname, Fumikage TokoyamiYoshimasa Hosoya
63%
Decim, Zhongli, White blood cellTomoaki Maeno
61%
Gojo SukunaYuuichi Nakamura
61%
Natsu DragneelTetsuya Kakihara
59%
SasukeNoriaki Sugiyama
57%
Josuke, Kagami Taiga, LouisYuuki Ono
57%
L, UsoppKappei Yamaguchi
54%
Kento Nanami, Kaiba, OverhaulKenjirou Tsuda
54%
Kaeya, MistaKousuke Toriumi
54%
Zoro, Hijikata, MugenKazuya Nakai
52%
All MightKenta Miyake
52%
GilgameshTomokazu Seki
50%
Sadao Maou, Bennett, GyutaroRyota Osaka
48%
Shikamaru, Goro Honda/Shigeno, Yosuke HanamuraShowtaro Morikubo
48%
Gajeel, Hitoshi Shinso, ShaiapoufWataru Hatano
48%
Sougo Okita, Zack, Murasakibara AtsushiKenichi Suzumura
46%
Roy Mustang, Takumi FujiwaraShinichiro Miki
46%
Maes Hughes, Leorio, Hiroshi NoharaKeiji Fujiwara
43%
Kira YoshikageToshiyuki Morikawa
43%
Subaru Natsuki, SenkuYuusuke Kobayashi
43%
Kakashi, KarsKazuhiko Inoue
41%
Ichigo KurosakiMasakazu Morita
39%
Diavolo, KaminaKatsuyuki Konishi
37%
Sora of Kingdom Hearts, Syaoran, TodomatsuMiyu Irino
37%
Sakamoto, Garou, Heero YuyHikaru Midorikawa
33%
AizenShow Hayami
30%
Wamuu, Solid Snake, Alexander the greatAkio Otsuka
22%
Spike Spiegel, BeerusKoichi Yamadera
22%
Cell, Alexander Anderson, Chiyo's fatherNorio Wakamoto
22%
Kiritsugu, Azazel, TakamuraRikiya Koyama
20%
Kotomine KireiJouji Nakata
17%
Harumi Takeda, Dvalin, ChironShunsuke Takeuchi
17%
Elfman, King of One Punch Man, Chad YasutoraHiroki Yasumoto
15%
Shiroe, Shiki Granbell, Eita SemiTakuma Terashima
15%

Score Distribution

Percentile by Number Answered

Percent of People with Each Score

Your Score History

You have not taken this quiz